| 000 | 00898nam a2200265 i 4500 | ||
|---|---|---|---|
| 003 | DO-SdBNP | ||
| 005 | 20240904091308.0 | ||
| 007 | ta | ||
| 008 | 240904s1936 cu 000 | spa d | ||
| 040 |
_aDO-SdBNP _bspa _cBNPHU _erda |
||
| 082 | 4 |
_a923.57293 _bG633S, _222 |
|
| 100 | 1 |
_aSouza y Rodríguez, Benigno, _d1872-1954 _943866 _eautor |
|
| 245 | 1 | 0 |
_aMáximo Gómez : _bel generalísimo / _cB. Souza. |
| 264 |
_a[Cuba] : _bImprenta Mercaderes, _c[1936]. |
||
| 300 |
_a159 páginas : _c22 cm. |
||
| 336 |
_2rdacontent _atexto _btxt |
||
| 337 |
_2rdamedia _asin mediación _bn |
||
| 338 |
_2rdacarrier _avolumen _bnc |
||
| 590 | _aInventariado, 2024/ YL | ||
| 600 | 1 | 0 |
_aGómez, Máximo, _d1836-1905 _912249 |
| 651 | 4 |
_aCuba _xHistoria _yGuerra de los diez años, 1868-1978 _943867 |
|
| 651 | 4 |
_aCuba _xHistoria _yGuerra de independencia, 1895-1898 _911019 |
|
| 910 | _aYLockward | ||
| 942 |
_2ddc _cLBS1 |
||
| 999 |
_c57620 _d57620 |
||